00765nam a2200229 4500003001100000005001700011008004100028020001500069040003900084041000800123082001600131100001900147245008100166260002800247300004700275650001700322650004700339650003700386942000700423952009000430999001500520LK-CoMWRAF20230921140213.0230921b1994 |||||||| |||| 00| 0 eng d a0452274303 aLK-CoMWRAFdLK-CoMWRAFeLK-CoMWRAF aeng a305.48bGOO a Goodwin, Jan  aPrice of Honor: bMuslim Women lift the veil of silence on the Islamic World aNew York:bPlume,c1994 aviii, 363 p. : map ; 25 cmbIndex included aMUSLIM WOMEN aWomen - Legal status, laws, (Islamic law)  aMiddle East -- Social conditions cBK 00104070aMAINbMAINd2023-09-21l0o305.48 GOOpRAF731r2023-09-21w2023-09-21yBK c3589d3589